000 005320000a22001570004500
003 MACL
005 20170812154619.0
008 170812b xxu||||| |||| 00| 0 eng d
040 _cmacl
100 _aचतुरसेन,आचार्य
_966939
245 _aविराट पुरूष
260 _b एजुकेशनल सप्‍लायर्स एण्‍ड टेडर्स
_c2001
_aदिल्‍ली
350 _a150
650 _aसाहित्‍य
_968661
942 _cHIN
_k800/CHA/L
_2ddc
999 _c11276
_d11276